[Event "e2e4 Autumn Challengers D"]
[Site "Uxbridge ENG"]
[Date "2010.08.11"]
[Round "1"]
[White "Bennett, Dominic"]
[Black "Harley Yeo,G"]
[Result "1/2-1/2"]
[WhiteElo "1973"]
[BlackElo "2024"]

1.d4 d5 2.Nf3 Nf6 3.c4 c6 4.Nc3 e6 5.e3 Nbd7 6.Qc2 Bd6 7.Bd3 dxc4 8.Bxc4 b5
9.Be2 Bb7 10.O-O O-O 11.Rd1 Rc8 12.Ne4 Nxe4 13.Qxe4 Qc7 14.Qh4 Rce8 15.a4 a6
16.b3 e5 17.dxe5 Nxe5 18.Bb2 Nxf3+ 19.Bxf3 Re6 20.h3 c5 21.Bxb7 Qxb7 22.Rd2 Be7
23.Qh5 bxa4 24.bxa4 Rg6 25.Qd5 Qb4 26.Rc2 Rd8 27.Qc4 Qb7 28.e4 Qd7 29.Ra3 Qd1+
30.Kh2 Qd6+ 31.e5 Qc6 32.Rf3 Qd5 33.Qxd5 Rxd5 34.Re3 Rb6 35.Ba3 Kf8 36.f4 g6
37.Kg3 Ke8 38.Kf3 Kd7 39.Rc4 Ke6 40.g4 Rd4 41.Rcc3 Rxa4 42.Bxc5 Bxc5 43.Rxc5 Rbb4
44.Rc6+ Ke7 45.Rc7+ Kf8 46.f5 gxf5 47.gxf5 Rf4+ 48.Ke2 Rxf5 49.e6 Ra2+ 50.Kd3 Ra3+
51.Rc3 Rxc3+ 52.Kxc3 fxe6 53.Rxe6 a5 54.Ra6 h5 55.Kd2 Ke7 56.Ke2 Kd7 57.Ke3 Kc7
58.Ke4 Rb5 59.Rg6 Rb4+ 60.Kd5 a4 61.Kc5 Rb3 62.Rg7+ Kb8 63.h4 a3 64.Rg1 Kb7
65.Ra1 Kc7 66.Rd1 a2 67.Ra1 Rb2 68.Kd5 Kb6 69.Ke6 Kb5 70.Kf5 Rg2 71.Kf4 Kb4
72.Kf3 Rb2 73.Kf4 Kb3 74.Kg5 Rb1 75.Rxa2 Kxa2 76.Kxh5 Kb3 77.Kg6 Rg1+ 78.Kf6 Kc4
79.h5 Kd5 80.h6 Rf1+ 81.Kg7 Ke6 82.h7 Rg1+ 83.Kf8 Rh1 84.Kg7 Rxh7+ 85.Kxh7  1/2-1/2

[Event "14th HZ Open"]
[Site "Vlissingen NED"]
[Date "2010.08.11"]
[Round "6"]
[White "Freeke,M"]
[Black "Hekhuis,J"]
[Result "1-0"]
[WhiteElo "2315"]
[BlackElo "2128"]

1.d4 d5 2.c4 e6 3.Nc3 c6 4.e3 Nf6 5.Nf3 Bd6 6.Bd3 Nbd7 7.O-O O-O 8.e4 dxe4
9.Nxe4 Nxe4 10.Bxe4 Nf6 11.Bc2 Re8 12.Bg5 Be7 13.Qd3 h6 14.Bxf6 Bxf6 15.Qh7+ Kf8
16.Rad1 Qa5 17.a3 Qh5 18.Rfe1 g6 19.Ne5 Bg7 20.Nxg6+ fxg6 21.Bxg6 Qg5 22.Rd3 Rd8
23.Rf3+ Ke7 24.Qxg7+  1-0

[Event "49th WJun"]
[Site "Chotowa POL"]
[Date "2010.08.12"]
[Round "9"]
[White "Hercules,B"]
[Black "Duda,J"]
[Result "0-1"]
[WhiteElo "2057"]
[BlackElo "2175"]

1.d4 d5 2.c4 c6 3.Nc3 e6 4.e3 Nf6 5.Nf3 Nbd7 6.Bd3 dxc4 7.Bxc4 b5 8.Bd3 Bd6
9.O-O O-O 10.a3 Qc7 11.Bd2 Bb7 12.b4 a5 13.Qb3 e5 14.Rfc1 Qb8 15.h3 axb4
16.axb4 exd4 17.exd4 Nb6 18.Rxa8 Bxa8 19.Ne4 Nxe4 20.Bxe4 Nd5 21.Qb1 h6 22.Bxd5 cxd5
23.Qf5 Qa7 24.Qd3 Qa4 25.Qc3 Qa7 26.g4 Bb7 27.Kg2 Rc8 28.Qb2 Rxc1 29.Qxc1 Qa4
30.Qe1 Bc6 31.Nh4 Bd7 32.Nf5 Bxf5 33.gxf5 Qc2 34.Qe8+ Bf8 35.Bf4 Qxf5 36.Be5 f6
37.Bd6 Qe4+ 38.Qxe4 dxe4 39.Bc5 f5 40.h4 g5 41.Kg3 Kf7 42.hxg5 hxg5 43.Kg2 Bg7
44.d5 Bf8 45.d6 Ke6 46.d7 Be7  0-1

[Event "49th WJun"]
[Site "Chotowa POL"]
[Date "2010.08.12"]
[Round "9"]
[White "Arnold,Mar"]
[Black "Ter Sahakyan,S"]
[Result "1/2-1/2"]
[WhiteElo "2432"]
[BlackElo "2525"]

1.d4 Nf6 2.Nf3 d5 3.c4 e6 4.Nc3 c6 5.e3 Nbd7 6.Bd3 dxc4 7.Bxc4 b5 8.Be2 Bb7
9.O-O Be7 10.e4 b4 11.e5 bxc3 12.exf6 Bxf6 13.bxc3 O-O 14.Rb1 Qc7 15.Ng5 c5
16.Rxb7 Qxb7 17.Bf3 Qa6 18.Bxa8 Rxa8 19.d5 Bxg5 20.dxe6 Qxe6 21.Re1 Qxa2
22.Qxd7 h6 23.Bxg5 hxg5 24.Qc6 Rb8 25.Qxc5 a5 26.Qe5 Ra8 27.Qe4 Rd8 28.Qe7 Qd2
29.Qe3 Qd5 30.g3 a4 31.Ra1 Ra8 32.Qc1 Qc4 33.Qa3 Rb8 34.h3 Qe4 35.Qa2 Qc6
36.c4 Rb3 37.Qc2 g6 38.Rd1 Rb8 39.Qc3 Ra8 40.c5 a3 41.Ra1 a2 42.Qb2 Qa4 43.c6 Qxc6
44.Rxa2 Re8 45.Ra1 Qe6 46.Kh2 Qf5 47.Qd2 Qf3 48.Re1 Rxe1 49.Qxe1 Qd5  1/2-1/2

[Event "49th WJun"]
[Site "Chotowa POL"]
[Date "2010.08.12"]
[Round "9"]
[White "Jasiak,F"]
[Black "Bryan-Vissi,Mark"]
[Result "1/2-1/2"]
[WhiteElo "1757"]
[BlackElo "1847"]

1.Nf3 d5 2.d4 Nf6 3.c4 c6 4.e3 e6 5.Nc3 Nbd7 6.Bd3 Bd6 7.O-O O-O 8.b3 e5
9.dxe5 Nxe5 10.Nxe5 Bxe5 11.Qd2 d4 12.exd4 Qxd4 13.Bb2 Bf5 14.Rad1 Rfd8 15.Nb1 Qxd3
16.Bxe5 Qxf1+ 17.Kxf1 Rxd2 18.Nxd2 Ne8 19.Nf3 f6 20.Bg3 Kf7 21.Ke2 Bg4 22.h3 Bxf3+
23.Kxf3 Ke7 24.b4 Rd8 25.Rxd8 Kxd8 26.Ke4 Kd7 27.a4 Nd6+ 28.Bxd6 Kxd6 29.f4 Ke6
30.g4 Kd6 31.c5+ Ke6 32.f5+ Ke7 33.h4 Kd7  1/2-1/2

[Event "49th WJun"]
[Site "Chotowa POL"]
[Date "2010.08.12"]
[Round "9"]
[White "Kaleta,B"]
[Black "Stoyko,M"]
[Result "1-0"]
[WhiteElo "1944"]
[BlackElo "2206"]

1.d4 d5 2.c4 c6 3.Nc3 Nf6 4.e3 e6 5.Nf3 Nbd7 6.Bd3 dxc4 7.Bxc4 b5 8.Bd3 Bd6
9.Qc2 Bb7 10.Bd2 O-O 11.a3 a5 12.Ne4 Nxe4 13.Bxe4 f5 14.Bd3 b4 15.Bc4 Qe7
16.axb4 Bxb4 17.Qb3 Rfe8 18.Bxb4 axb4 19.Rxa8 Bxa8 20.O-O Kh8 21.Ra1 Nf8
22.Ra5 Bb7 23.Ne5 Ra8 24.Rxa8 Bxa8 25.Nd3 Kg8 26.Qxb4 Qxb4 27.Nxb4 Kf7 28.Nd3 Bb7
29.f3 Ke7 30.Kf2 Bc8 31.e4 fxe4 32.fxe4 Bd7 33.Ke3 Be8 34.Nc5 Bf7 35.e5 Ng6
36.Bd3 Nf8 37.Be4 Be8 38.Kf4 Ng6+ 39.Bxg6 Bxg6 40.g4 Bc2 41.Ne4 Bb1 42.Ng3 Bc2
43.h4 Kf7 44.Ke3 Bd1 45.g5 Ke7 46.Kd2 Bf3 47.Kc3 Kd7 48.Kb4 Kc7 49.Kc5 Kd7
50.Kb6 Kc8  1-0

[Event "28th WJun Girls"]
[Site "Chotowa POL"]
[Date "2010.08.13"]
[Round "10"]
[White "Tsirulnik,Mari"]
[Black "Adamowicz,K"]
[Result "0-1"]
[WhiteElo "2153"]
[BlackElo "2123"]

1.d4 d5 2.Nf3 Nf6 3.c4 c6 4.Nc3 e6 5.e3 Nbd7 6.Qc2 Be7 7.Be2 O-O 8.O-O b6
9.Rd1 Bb7 10.b3 Rc8 11.e4 dxe4 12.Nxe4 Nxe4 13.Qxe4 Nf6 14.Qc2 Qc7 15.Bb2 c5
16.dxc5 Qxc5 17.Bd4 Qc6 18.Ne1 Ne4 19.Bf3 f6 20.Nd3 Qc7 21.Qe2 f5 22.Bxe4 fxe4
23.Qg4 Bf6 24.Qxe6+ Kh8 25.Ne5 Rce8 26.Qd7 Bxe5 27.Bxe5 Qxe5 28.Qxb7 Qb2
29.Rf1 Rxf2 30.Rxf2 Qxa1+ 31.Rf1 Qd4+ 32.Kh1 h6 33.Qf7 Rd8 34.h3 e3 35.Qe7 Qd2
36.Rf8+ Rxf8 37.Qxf8+ Kh7 38.Qf5+ Kg8 39.Qc8+ Kf7 40.Qf5+ Ke7 41.Qe5+ Kd7
42.Qxg7+ Kc6 43.Qxh6+ Kb7 44.Kh2 Qd4 45.Qe6 Qd2 46.Qe4+ Ka6 47.Qf4 Qd3 48.Qf3 Ka5
49.Kg1 Kb4 50.c5 Kc3 51.c6 e2 52.Qf6+ Kc2 53.Kf2 Qd2 54.Qg6+ Kc1  0-1

[Event "8th Gyorgy Marx WGM"]
[Site "Paks HUN"]
[Date "2010.08.13"]
[Round "7"]
[White "Kononenko,T"]
[Black "Toth,Li"]
[Result "1-0"]
[WhiteElo "2374"]
[BlackElo "2235"]

1.d4 d5 2.c4 c6 3.Nf3 Nf6 4.e3 e6 5.Nc3 Nbd7 6.Qc2 Bd6 7.Bd3 O-O 8.O-O dxc4
9.Bxc4 b5 10.Be2 Bb7 11.Rd1 Qc7 12.e4 e5 13.Bg5 exd4 14.Rxd4 Bc5 15.Rd2 Ng4
16.Bh4 Nde5 17.Nxe5 Nxe5 18.Rc1 Rac8 19.a3 Bb6 20.Qd1 Qb8 21.Bg4 Nxg4 22.Qxg4 Bd8
23.Rxd8 Rcxd8 24.Bf6 g6 25.e5 h5 26.Qf4 Kh7 27.Bxd8 Qxd8 28.Ne4 c5 29.Nd6 Bd5
30.Rxc5 Bc4 31.h4 Qe7 32.b4 f6 33.Nxc4 bxc4 34.Qxc4 Kh6 35.Qc1+  1-0

[Event "ch-FRA NatB"]
[Site "Belfort FRA"]
[Date "2010.08.14"]
[Round "6"]
[White "Bailet,P"]
[Black "Gozzoli,Y"]
[Result "1/2-1/2"]
[WhiteElo "2425"]
[BlackElo "2520"]

1.d4 Nf6 2.Nf3 d5 3.c4 e6 4.Nc3 c6 5.e3 Nbd7 6.Bd3 dxc4 7.Bxc4 b5 8.Bd3 a6
9.a4 b4 10.Ne4 c5  1/2-1/2

[Event "49th WJun"]
[Site "Chotowa POL"]
[Date "2010.08.14"]
[Round "11"]
[White "Fodor,T jr"]
[Black "Debashis,D"]
[Result "1-0"]
[WhiteElo "2452"]
[BlackElo "2411"]

1.d4 d5 2.c4 c6 3.Nc3 Nf6 4.e3 e6 5.Nf3 Nbd7 6.Qc2 Bd6 7.Bd3 O-O 8.O-O dxc4
9.Bxc4 b5 10.Bd3 Bb7 11.Rd1 Qe7 12.Ng5 h6 13.Nge4 Bc7 14.Bd2 Rac8 15.b4 e5
16.Nc5 Nxc5 17.dxc5 a5 18.a3 a4 19.e4 Rcd8 20.Be3 Nh5 21.g3 Nf4 22.Bf1 Ne6
23.Bg2 Bc8 24.Ne2 h5 25.f4 exf4 26.gxf4 g6 27.e5 Bd7 28.Rf1 Ng7 29.Rad1 Nf5
30.Bf2 Be6 31.Rxd8 Rxd8 32.Bxc6 Bb3 33.Qb2 Bc4 34.Re1 Nh4 35.Rf1 Nf5 36.Re1 Nh4
37.Nd4 Kh7 38.Be4 Bd5 39.Qc2 Kh8 40.Bxd5 Rxd5 41.Qe4 Qd7 42.e6 fxe6 43.Bxh4  1-0

[Event "7th CHN-RUS Rapid"]
[Site "Ningbo CHN"]
[Date "2010.08.14"]
[Round "18"]
[White "Zhou Jianchao"]
[Black "Potkin,V"]
[Result "0-1"]
[WhiteElo "2668"]
[BlackElo "2626"]

1.c4 c6 2.Nf3 d5 3.e3 Nf6 4.Nc3 e6 5.d4 Nbd7 6.Bd3 dxc4 7.Bxc4 b5 8.Be2 Be7
9.O-O Bb7 10.e4 b4 11.e5 bxc3 12.exf6 Bxf6 13.bxc3 c5 14.dxc5 O-O 15.Ba3 Be7
16.Rb1 Bd5 17.c4 Be4 18.Bd3 Bxd3 19.Qxd3 Nxc5 20.Qxd8 Rfxd8 21.Rfd1 Rxd1+
22.Rxd1 Rc8 23.Kf1 Kf8 24.Ne5 Ke8 25.f3 f6 26.Ng4 Rc6 27.Ne3 Ra6 28.Nc2 Ra4
29.Ke2 Rxc4 30.Nd4 Na4 31.Bxe7 Kxe7 32.Rd2 g6 33.Nc2 Nb6 34.Ne3 Ra4 35.g3 h5
36.f4 Re4  0-1

[Event "FSGM August"]
[Site "Budapest HUN"]
[Date "2010.08.15"]
[Round "9"]
[White "Lorscheid,G"]
[Black "Feher,Ad"]
[Result "1/2-1/2"]
[WhiteElo "2345"]
[BlackElo "2233"]

1.d4 d5 2.c4 e6 3.Nc3 c6 4.e3 Nf6 5.Nf3 Nbd7 6.Bd3 dxc4 7.Bxc4 b5 8.Bd3 Bb7
9.O-O a6 10.e4 c5 11.d5 c4 12.Bc2 Qc7 13.Bg5 O-O-O 14.Qe2 Bd6 15.dxe6 fxe6
16.Rad1 h6 17.Bxf6 gxf6 18.Nd4 Nc5 19.Qg4 Rhg8 20.Qh3 Kb8 21.Rfe1 h5 22.a3 Rg5
23.Nxe6 Bc8 24.Nxc5 Bxh3 25.Nxa6+ Kb7 26.Nxc7 Rxg2+ 27.Kf1 Bc5 28.Re3 Bxe3
29.Rxd8 Rxf2+ 30.Ke1 Kxc7 31.Rh8 Rxc2 32.Nd5+ Kd6 33.Nxe3 Rxb2 34.Rxh5 Be6
35.Nf5+ Bxf5 36.Rxf5 Ke6 37.h4 c3 38.Kd1 b4 39.axb4 Rxb4 40.Rf4 Ke5 41.Rf5+ Ke6
42.Rf4 Rb2 43.Rf3 Rb1+ 44.Kc2 Re1 45.Kxc3 Rxe4 46.Rh3 Kf5 47.h5 Re7 48.h6 Rh7
49.Kd4 Kg6 50.Ke4 Rxh6 51.Rxh6+ Kxh6 52.Kf5 Kg7 53.Kf4 Kg6 54.Kg4 Kg7 55.Kf5 Kf7  1/2-1/2

[Event "49th WJun"]
[Site "Chotowa POL"]
[Date "2010.08.15"]
[Round "12"]
[White "Golichenko,I"]
[Black "Ter Sahakyan,S"]
[Result "0-1"]
[WhiteElo "2419"]
[BlackElo "2525"]

1.d4 Nf6 2.c4 e6 3.Nc3 d5 4.Nf3 c6 5.e3 Nbd7 6.Qc2 Bd6 7.Bd3 O-O 8.O-O dxc4
9.Bxc4 a6 10.Rd1 b5 11.Be2 Qc7 12.Ne4 Nxe4 13.Qxe4 Bb7 14.a4 c5 15.Qh4 c4
16.e4 e5 17.Be3 Rfe8 18.axb5 axb5 19.Rxa8 Bxa8 20.dxe5 Nxe5 21.Nd4 Bc6 22.f4 Ng6
23.Qf2 Bxf4 24.Bxf4 Nxf4 25.Bf1 Ng6 26.b3 cxb3 27.Rc1 Ne5 28.h3 Qb7 29.Nxb3 Bxe4
30.Nc5 Qc6 31.Qb2 Nc4 32.Qb4 Bd5 33.Nb3 h6 34.Kh1 Re3 35.Kg1 Qb6 36.Nc5 Rg3
37.Re1 Ne3 38.Nd7 Qg6 39.Qf8+ Kh7 40.Re2  0-1

[Event "49th WJun"]
[Site "Chotowa POL"]
[Date "2010.08.15"]
[Round "12"]
[White "Grandelius,N"]
[Black "Fodor,T jr"]
[Result "1/2-1/2"]
[WhiteElo "2505"]
[BlackElo "2452"]

1.c4 Nf6 2.d4 c6 3.Nc3 d5 4.e3 e6 5.Nf3 Nbd7 6.Bd3 dxc4 7.Bxc4 b5 8.Bd3 Bd6
9.O-O O-O 10.Qc2 Bb7 11.a3 a6 12.Ng5 h6 13.Nge4 Be7 14.Nxf6+ Nxf6 15.Ne4 a5
16.Nc5 Qc7 17.Bd2 Rfd8 18.Rac1 Bxc5 19.Qxc5 e5 20.Bb1 exd4 21.e4 b4 22.axb4 axb4
23.Bxb4 Qf4 24.f3 Ba6 25.Rfe1 Bb5 26.Rcd1 d3 27.Bd2 Qb8 28.Qc3 Nd7 29.Be3 Ne5
30.Bd4 f6 31.f4 Ng6 32.g3 Nxf4 33.gxf4 Qxf4 34.Rxd3 Bxd3 35.Qxd3 c5 36.Qb3+ Kh8
37.Bf2 Rab8 38.Qc3 Qd2 39.Qxc5 Rxb2 40.Qf5 Qd7 41.e5 Qxf5 42.Bxf5 Rb5 43.Bg3  1/2-1/2

[Event "9th Mario Covas Jr"]
[Site "Santos BRA"]
[Date "2010.08.15"]
[Round "4"]
[White "Mareco,S"]
[Black "Di Berardino,D"]
[Result "1-0"]
[WhiteElo "2503"]
[BlackElo "2453"]

1.d4 d5 2.c4 c6 3.Nf3 Nf6 4.Nc3 e6 5.e3 g6 6.Be2 Bg7 7.O-O O-O 8.b4 dxc4
9.Bxc4 Nd5 10.Qb3 Nxc3 11.Qxc3 b6 12.Bb2 Bb7 13.Qb3 Nd7 14.Rad1 a5 15.bxa5 Rxa5
16.a4 Qc7 17.e4 Rh5 18.Rfe1 c5 19.d5 exd5 20.Bxg7 dxc4 21.Qc3 Re8 22.Bh8 f6
23.Bxf6 Nxf6 24.Qxf6 Bc8 25.Qc3 Be6 26.e5 Rd8 27.h4 h6 28.Rd6  1-0

[Event "Pan-Armenian Olym"]
[Site "Yerevan ARM"]
[Date "2010.08.15"]
[Round "1"]
[White "Airapetian,G"]
[Black "Sevian,Samuel"]
[Result "1-0"]
[WhiteElo "2436"]
[BlackElo "2132"]

1.d4 d5 2.c4 c6 3.Nc3 Nf6 4.e3 e6 5.Nf3 Nbd7 6.Qc2 Bd6 7.Bd3 O-O 8.O-O Qe7
9.h3 dxc4 10.Bxc4 e5 11.Bb3 Nb6 12.dxe5 Bxe5 13.Nxe5 Qxe5 14.f4 Qe7 15.f5 Bd7
16.e4 c5 17.Qe2 c4 18.Bc2 Rfe8 19.Bg5 h6 20.Bh4 Qe5 21.Rae1 Bc6 22.Qf2 Nbd7
23.Re2 b5 24.Bg3 Qc5 25.e5 Qxf2+ 26.Rfxf2 Nd5 27.Ne4 Nb4 28.Nd6 Re7 29.e6 Nf6
30.Nxf7 Rxf7 31.exf7+ Kxf7 32.Bd6 Nxc2 33.Re7+ Kg8 34.Rxc2 Nd5 35.Re6 Bd7
36.Re5 Nf6 37.Rd2 Bc6 38.Be7 Rc8 39.Bxf6 gxf6 40.Rc5 Kf7 41.Rd6 Bb7 42.Rd7+ Ke8
43.Rdc7 Rxc7 44.Rxc7 Be4 45.g4 a6 46.Kf2 Bd3 47.Ke3  1-0

[Event "85th ch-FRA"]
[Site "Belfort FRA"]
[Date "2010.08.16"]
[Round "7"]
[White "Charnushevich,A"]
[Black "Bauer,Ch"]
[Result "1/2-1/2"]
[WhiteElo "2497"]
[BlackElo "2612"]

1.d4 Nf6 2.Nf3 d5 3.c4 e6 4.Nc3 c6 5.e3 Nbd7 6.Qc2 Bd6 7.Be2 O-O 8.O-O dxc4
9.Bxc4 b5 10.Be2 Bb7 11.Ng5 Qc7 12.h3 Rac8 13.Bf3 Be7 14.Nge4 Rfd8 15.a3 e5
16.b4 exd4 17.exd4  1/2-1/2

[Event "FSGM August"]
[Site "Budapest HUN"]
[Date "2010.08.16"]
[Round "10"]
[White "Szabo,Ben"]
[Black "Mihok,O"]
[Result "0-1"]
[WhiteElo "2338"]
[BlackElo "2438"]

1.d4 d5 2.c4 e6 3.Nc3 c6 4.e3 Nf6 5.Nf3 Nbd7 6.Qc2 Bd6 7.b3 O-O 8.Be2 b6
9.Bb2 Bb7 10.O-O Qe7 11.Rad1 Rad8 12.Rfe1 Rfe8 13.e4 dxe4 14.Nxe4 Nxe4 15.Qxe4 Bb4
16.Rf1 Nf6 17.Qh4 Ba3 18.Ba1 c5 19.Ne5 cxd4 20.Bxd4 Ne4 21.Qxe7 Bxe7 22.Bh5 g6
23.Bf3 f6 24.Ng4 e5 25.Bb2 Kf7 26.Bc1 Rxd1 27.Bxd1 Nc3 28.a3 Rd8 29.Ne3 Be4
30.b4 Bd3 31.Re1 Bxc4 32.Bc2 Be6 33.g3 Rc8 34.Bd3 Nd5 35.Ng2 f5 36.f3 Rc3
37.Be2 Bf6 38.Bb2 Rb3 39.Bc1 Nc3 40.Kf2 Na2 41.Ne3 e4 42.Bd2 Bd4 43.fxe4 fxe4
44.Rf1 Kg7 45.Bd1 Rd3  0-1

[Event "Negroponte Open"]
[Site "Chalkis GRE"]
[Date "2010.08.16"]
[Round "8"]
[White "Moradiabadi,E"]
[Black "Enchev,I"]
[Result "1-0"]
[WhiteElo "2571"]
[BlackElo "2441"]

1.Nf3 d5 2.c4 c6 3.e3 Nf6 4.Nc3 e6 5.d4 Nbd7 6.Bd2 Bd6 7.Qc2 Qe7 8.e4 dxe4
9.Nxe4 Nxe4 10.Qxe4 c5 11.Be2 O-O 12.O-O f5 13.Qc2 cxd4 14.Nxd4 Bxh2+ 15.Kxh2 Qh4+
16.Kg1 Qxd4 17.Bb4 Re8 18.Rad1 Qh4 19.Rd3 e5 20.Rh3 Qf6 21.Bc3 Nf8 22.Bh5 g6
23.Bf3 f4 24.Bd5+ Kg7 25.Rh2 Bf5 26.Qe2 Rab8 27.g3 g5 28.gxf4 gxf4 29.Kh1 Kh8
30.Rg1 Ng6 31.Qh5 Re7 32.Rhg2 Rg7 33.Rxg6 Bxg6 34.Bxe5 Bxh5 35.Bxf6 Bg6 36.Re1 Re8
37.Rxe8+ Bxe8 38.Bxb7 Kg8 39.Bxg7 Kxg7 40.c5 Bf7 41.c6 Bd5+ 42.Kh2 Kf6 43.Ba8 Be6
44.c7 Bc8 45.Bg2 Ke7 46.Bh3 Bxh3 47.Kxh3 Kd7 48.Kg4 Kxc7 49.Kxf4 Kd6 50.Kg5 Ke5
51.b4 Ke4 52.a4  1-0

[Event "49th WJun"]
[Site "Chotowa POL"]
[Date "2010.08.16"]
[Round "13"]
[White "Fodor,T jr"]
[Black "Hovhannisyan,R"]
[Result "0-1"]
[WhiteElo "2452"]
[BlackElo "2529"]

1.d4 d5 2.c4 c6 3.Nc3 Nf6 4.e3 e6 5.Nf3 Nbd7 6.Bd3 dxc4 7.Bxc4 b5 8.Bd3 Bd6
9.O-O O-O 10.Qc2 Bb7 11.a3 Qe7 12.Ng5 h6 13.Nge4 Nxe4 14.Nxe4 c5 15.Nxd6 Qxd6
16.Bxb5 cxd4 17.Rd1 Qd5 18.Bf1 Rac8 19.Qe2 Nc5 20.exd4 Nb3 21.Rb1 Qf5 22.Be3 Be4
23.Qe1 Rfd8 24.Rbc1 Nxc1 25.Rxc1 Rxc1 26.Qxc1 Bd3 27.Bxd3 Qxd3 28.h3 Qb3
29.Qc7 Ra8 30.d5 exd5 31.Qe5 Qb7 32.Bd4 f6 33.Qe6+ Qf7 34.Qc6 Re8 35.b4 Qe6
36.Qc2 a6 37.a4 Qe1+ 38.Kh2 Qxb4 39.Qc6 Rd8 40.Qe6+ Kh8  0-1

[Event "49th WJun"]
[Site "Chotowa POL"]
[Date "2010.08.16"]
[Round "13"]
[White "Swapnil,SD"]
[Black "Bajarani,U"]
[Result "1-0"]
[WhiteElo "2426"]
[BlackElo "2409"]

1.d4 d5 2.c4 c6 3.Nc3 Nf6 4.e3 e6 5.Nf3 Nbd7 6.Qc2 Bd6 7.Bd3 O-O 8.O-O h6
9.b3 b6 10.Bb2 Bb7 11.Rad1 Qe7 12.e4 Nxe4 13.Nxe4 dxe4 14.Bxe4 Nf6 15.Bd3 c5
16.d5 exd5 17.Rfe1 Qc7 18.Bxf6 gxf6 19.cxd5 Rae8 20.Rxe8 Rxe8 21.Bb5 Rd8
22.Qf5 Be5 23.Bc4 b5 24.Bxb5 Rxd5 25.Rxd5 Bxd5 26.Bc4 Bxf3 27.Qg6+ Kf8 28.Qxh6+ Ke7
29.gxf3 Qa5 30.Qh7 Qe1+ 31.Kg2 Bd4 32.Qxf7+ Kd6 33.Qf8+ Kc7 34.Qg7+ Kb6 35.Qg3 Ka5
36.a3 Be5 37.Qg7 Kb6 38.Bd5 Qd2 39.Qb7+ Ka5 40.b4+ cxb4 41.Qxa7+  1-0

[Event "Pan-Armenian Olym"]
[Site "Yerevan ARM"]
[Date "2010.08.16"]
[Round "2"]
[White "Gevorgyan,I"]
[Black "Oknayan,Razmig"]
[Result "1-0"]
[WhiteElo "2163"]
[BlackElo "1971"]

1.Nf3 d5 2.d4 Nf6 3.c4 c6 4.e3 e6 5.Nc3 Nbd7 6.Qc2 Bd6 7.b3 Qe7 8.Be2 O-O
9.O-O e5 10.cxd5 Nxd5 11.Nxd5 cxd5 12.dxe5 Nxe5 13.Bb2 f6 14.Nd4 Bd7 15.Nf5 Bxf5
16.Qxf5 Qd7 17.Qxd7 Nxd7 18.Bf3 Nb6 19.a4 a5 20.Bd4 Be5 21.Bxb6 Bxa1 22.Bxd5+ Kh8
23.Rxa1 Rab8 24.f3 f5 25.Bxa5 b5 26.Bc7 Rbc8 27.Bb6 bxa4 28.bxa4 Rf6 29.a5 Rd6
30.e4 fxe4 31.Bxe4  1-0

[Event "Pan-Armenian Olym"]
[Site "Yerevan ARM"]
[Date "2010.08.16"]
[Round "2"]
[White "Rohonyan,K"]
[Black "Meseljyan,A"]
[Result "1/2-1/2"]
[WhiteElo "2319"]
[BlackElo "1834"]

1.d4 d5 2.c4 e6 3.Nf3 c6 4.e3 Nf6 5.Nc3 Nbd7 6.Qc2 Bd6 7.g4 Nxg4 8.Rg1 Nxh2
9.Nxh2 Bxh2 10.Rxg7 Nf8 11.Rg2 Bd6 12.Bd2 Ng6 13.O-O-O Nh4 14.Rg1 Nf3 15.Rh1 Nxd2
16.Rxd2 Qf6 17.Rxh7 Bd7 18.Rxh8+ Qxh8 19.a3 O-O-O 20.Kb1 Kb8 21.Ka2 Rg8 22.Bd3 Rg1
23.cxd5 cxd5 24.f4 f5 25.Rg2 Rxg2 26.Qxg2 a6 27.Nb1 Be8 28.Nd2 Qh7 29.Nf3 Be7
30.Ng5 Qh6 31.Be2 Ka7 32.Bf3 Kb8 33.Be2 Ka7 34.Nf3 Qg6 35.Qxg6 Bxg6 36.Kb3 Kb6
37.Ng5 Bxg5 38.fxg5 Kc6 39.Kb4 Kb6 40.a4 a5+ 41.Kc3 Kc6 42.Kd2 Kd6 43.Ke1 Ke7
44.Kf2 Kf7 45.Kg3 Ke7 46.Bd1 Kd7 47.Kf4 Kd6 48.Be2 Bf7 49.Kg3 Bg6  1/2-1/2

[Event "Pan-Armenian Olym"]
[Site "Yerevan ARM"]
[Date "2010.08.17"]
[Round "3"]
[White "Oknayan,Razmig"]
[Black "Sevian,Samuel"]
[Result "0-1"]
[WhiteElo "1971"]
[BlackElo "2132"]

1.d4 d5 2.Nf3 Nf6 3.c4 c6 4.Nc3 e6 5.e3 Nbd7 6.Bd3 dxc4 7.Bxc4 b5 8.Bd3 b4
9.Na4 Bb7 10.e4 c5 11.e5 Nd5 12.O-O cxd4 13.Re1 Be7 14.Nxd4 O-O 15.Qh5 g6
16.Qh6 Re8 17.Nxe6 fxe6 18.Bxg6 Nf8 19.Bh5 Qc7 20.Re4 Ng6 21.Bxg6 Bf8 22.Qg5 hxg6
23.Qxg6+ Qg7 24.Qxg7+ Bxg7 25.Nc5 Bc6 26.Bg5 Rac8 27.Rae1 Kf7 28.Nd3 a5 29.Nf4 Nb6
30.Rd4 Bd5 31.Nh5 Rc4 32.Rxc4 Nxc4 33.b3 Na3 34.Nxg7 Kxg7 35.Rc1 a4 36.Rc7+ Kg6
37.Bd2 axb3 38.axb3 Rb8 39.g4 Bf3 40.h3 Rh8 41.Kh2 Bxg4 42.Kg3 Bf5 43.h4 Nc2
44.Rb7 Rd8 45.Bg5 Rd3+ 46.Kh2 Rh3+  0-1

[Event "Pan-Armenian Olym"]
[Site "Yerevan ARM"]
[Date "2010.08.18"]
[Round "4"]
[White "Rohonyan,K"]
[Black "Sevian,Samuel"]
[Result "1-0"]
[WhiteElo "2319"]
[BlackElo "2132"]

1.d4 d5 2.c4 c6 3.Nc3 Nf6 4.e3 e6 5.Nf3 Nbd7 6.Qc2 Bd6 7.g4 Nxg4 8.Rg1 Qf6
9.Rxg4 Qxf3 10.Rxg7 Nf8 11.Rg1 Bxh2 12.Be2 Qf6 13.Rh1 Bd6 14.e4 Bb4 15.Be3 dxe4
16.O-O-O Bxc3 17.bxc3 Bd7 18.Qxe4 Ng6 19.Rh5 O-O-O 20.Bg5 Qxf2 21.Bxd8 Nf4
22.Re5 Rxd8 23.Rf1 Nxe2+ 24.Qxe2 Qg3 25.Qf3 Qh2 26.Rf2 Qh6+ 27.Qf4 Qh1+ 28.Kb2 f5
29.Rh2 Qg1 30.Qf2 Qg7 31.c5 Rg8 32.Re2 Qf7 33.Qf4 Qg7 34.Qe5 Qg6 35.Rh1 a5
36.Reh2 a4 37.Ka3 Qg5 38.Rxh7 Qd2 39.Qe1 Qg5 40.Rh8 Kb8 41.Rxg8+ Qxg8 42.Qe5+ Ka7
43.Rh8 Qg1 44.Qb8+ Ka6 45.Qa8+ Kb5  1-0

[Event "9th Mario Covas Jr"]
[Site "Santos BRA"]
[Date "2010.08.19"]
[Round "9"]
[White "Di Berardino,D"]
[Black "Coelho,L"]
[Result "1-0"]
[WhiteElo "2492"]
[BlackElo "2381"]

1.d4 d5 2.c4 c6 3.Nc3 Nf6 4.e3 e6 5.Nf3 Nbd7 6.Qc2 Bd6 7.b3 O-O 8.Be2 b6
9.O-O Bb7 10.Bb2 Re8 11.Rad1 Qe7 12.Rfe1 h6 13.Bf1 Rad8 14.e4 Nxe4 15.Nxe4 dxe4
16.Qxe4 f5 17.Qc2 c5 18.d5 Qf7 19.Nh4 exd5 20.Rxe8+ Qxe8 21.Nxf5 Be5 22.cxd5 Nf6
23.Bb5 Qxb5 24.Bxe5 Ne8 25.Nxh6+ gxh6 26.Qg6+ Kf8 27.Qxh6+ Kf7 28.Qe6+ Kf8
29.Qf5+ Ke7 30.d6+ Nxd6 31.Qf6+ Ke8 32.Qe6+  1-0

[Event "Open"]
[Site "Bratto ITA"]
[Date "2010.08.20"]
[Round "1"]
[White "Dziuba,M"]
[Black "Valenti,G"]
[Result "1-0"]
[WhiteElo "2582"]
[BlackElo "2169"]

1.d4 Nf6 2.c4 e6 3.Nf3 d5 4.Nc3 c6 5.e3 Bd6 6.Bd3 Nbd7 7.O-O O-O 8.e4 dxe4
9.Nxe4 Nxe4 10.Bxe4 Nf6 11.Bc2 h6 12.b3 b6 13.Bb2 Bb7 14.Qd3 Re8 15.Rfe1 Qe7
16.Ne5 Ba3 17.Bxa3 Qxa3 18.h3 Rad8 19.Ng4 Qe7 20.Re3 h5 21.Nxf6+ Qxf6 22.Qh7+ Kf8
23.Rd1 Qh6 24.Qe4 Rd7 25.Qe5 Red8 26.b4 Qf6 27.Qxh5 g6 28.Qh6+ Qg7 29.Qxg7+ Kxg7
30.Red3 b5 31.c5 Rd5 32.Bb3 R5d7 33.f4 g5 34.fxg5 e5 35.Kf2 exd4 36.Re1 Kg6
37.h4 Rf8 38.g4  1-0

[Event "Open"]
[Site "Bratto ITA"]
[Date "2010.08.20"]
[Round "1"]
[White "Olszewski,Mi"]
[Black "Grandadam,Patrick"]
[Result "1/2-1/2"]
[WhiteElo "2543"]
[BlackElo "2144"]

1.d4 d5 2.c4 e6 3.Nc3 c6 4.e3 Nf6 5.Nf3 Nbd7 6.Qc2 b6 7.cxd5 cxd5 8.Nb5 Bb4+
9.Bd2 Bxd2+ 10.Nxd2 O-O 11.Rc1 Ne8 12.Bd3 Ndf6 13.Nc7 Rb8 14.O-O Bb7 15.Nxe8 Rxe8
16.Nf3 Rc8 17.Qa4 a6 18.Ne5 b5 19.Qb4 Qe7 20.Qxe7 Rxe7 21.Rxc8+ Bxc8 22.Rc1 Bb7
23.Rc5 Ne8 24.Kf1 Rc7 25.Ke2 f6 26.Rxc7 Nxc7 27.Nd7 Kf7 28.Kd2 g6 29.Kc3 Ke7
30.Nc5 Bc8 31.Kb4 Kd6 32.Ka5 Kc6 33.Nb3 e5 34.dxe5 fxe5 35.f4 exf4 36.exf4 Ne6
37.g3 Nd8 38.Kb4 Kb6 39.Nd4 Bd7 40.Kc3 Kc5 41.a3 Bc8 42.h4 Bg4 43.b4+ Kd6
44.Kd2 Nf7 45.a4 bxa4 46.Bxa6 Nd8 47.Kc3 Nc6 48.Nb5+ Kd7 49.Bb7 Ne7 50.Kd4 Nf5+
51.Kc5 Nxg3 52.Bxd5 Ne2 53.Bc6+ Kd8 54.Na3 Nxf4 55.Bxa4 Nd3+ 56.Kd6 Nxb4
57.Nc4 Nd3 58.Ne5 Nxe5 59.Kxe5 Ke7 60.Bb3  1/2-1/2

[Event "6th Prospero A Pichay Cup"]
[Site "Manila PHI"]
[Date "2010.08.21"]
[Round "1"]
[White "Roque,M"]
[Black "Nolte,R"]
[Result "1/2-1/2"]
[WhiteElo "2244"]
[BlackElo "2425"]

1.d4 Nf6 2.Nf3 d5 3.c4 c6 4.Nc3 e6 5.e3 Nbd7 6.Bd3 dxc4 7.Bxc4 b5 8.Bd3 Bb7
9.O-O a6 10.e4 c5 11.e5 cxd4 12.Nxb5 Bxf3 13.Qxf3 Nd5 14.Nd6+ Bxd6 15.exd6 Ne5
16.Qg3 Nxd3 17.Qxd3 Qxd6 18.Qxd4 O-O 19.b3 e5 20.Qd3 Qe6 21.Re1 Rad8 22.Qe4 f6
23.Bb2 Rd7 24.Rad1 Rfd8 25.g3 h6 26.Rd3 Nf4 27.Rxd7 Nh3+ 28.Kg2 Rxd7 29.Bc1 Ng5
30.Bxg5 hxg5 31.Rc1 Qd5 32.Qxd5+ Rxd5 33.Rc4 Kf7 34.Kf3 Kg6 35.Ra4 a5 36.Ke4 Rc5
37.Kd3 f5 38.g4 fxg4 39.Rxg4 Kf5 40.Rc4 Rd5+ 41.Ke3 g4 42.Rc1 g6 43.a3 Rb5
44.Rb1 e4 45.b4 axb4 46.axb4 Ke5 47.Rb2 g5 48.Rb1 Kd5 49.Rd1+ Ke5 50.Rd4 Kf5
51.Rxe4 Rb8 52.Rc4 Re8+ 53.Kd2 Rh8 54.Rc3 Rxh2 55.Ke2 Rh3 56.Re3 Rh1 57.Kd3 Rf1
58.Re8 Rg1 59.Re3 Rf1 60.Re8 Rg1 61.Rf8+ Ke5 62.Re8+ Kf4 63.b5 g3 64.Rf8+ Ke5  1/2-1/2

[Event "Pan-Armenian Olym"]
[Site "Yerevan ARM"]
[Date "2010.08.21"]
[Round "7"]
[White "Pogosian,M"]
[Black "Inants,A"]
[Result "1-0"]
[WhiteElo "2364"]
[BlackElo "2275"]

1.d4 d5 2.c4 c6 3.Nc3 Nf6 4.Nf3 e6 5.e3 Nbd7 6.Bd3 dxc4 7.Bxc4 b5 8.Bd3 Bb7
9.a4 b4 10.Nb1 a5 11.O-O c5 12.Nbd2 cxd4 13.exd4 Bd6 14.Nc4 Bc7 15.Bg5 O-O
16.Re1 Nb6 17.Nce5 Qd6 18.Rc1 Nfd5 19.Bh4 f6 20.Bb5 g5 21.Nxg5 fxg5 22.Bxg5 Bd8
23.Bh6 Bf6 24.Qh5 Qe7 25.Re4 Bxe5 26.Rg4+ Kh8 27.Qxe5+ Rf6 28.Bg7+ Qxg7 29.Rxg7 Kxg7
30.Rc7+ Nxc7 31.Qxc7+ Rf7 32.Qxb6 Bd5 33.f3 Rb7 34.Qd6 Raa7 35.h4 Rc7 36.Qe5+ Kg8
37.Kh2 Rab7 38.Bd3 b3 39.Qg5+ Kf8 40.Qf6+ Kg8 41.Qg5+ Kf8 42.h5 Rc2 43.h6 Rxb2
44.Qd8+ Kf7 45.Bxh7 Bxf3 46.Qg8+ Kf6 47.Qg6+ Ke7 48.Qg7+ Kd6 49.Qg3+ e5 50.Qxe5+ Kd7
51.Qf5+  1-0